[Event "BADIJ"]
[Site "SchemingMind.com"]
[Date "2017.08.21"]
[Round "-"]
[White "nikita68"]
[Black "Trevor Brotherton"]
[Result "1-0"]
[WhiteCountry "RUS"]
[BlackCountry "ENG"]
[WhiteElo "2402"]
[WhiteRD "63"]
[BlackElo "2139"]
[BlackRD "60"]
[GameID "417551"]

1. d4 d5 2. Nf3 e6 3. Bf4 Bd6 4. Bg3 b6 5. e3 Nf6 6. c3 O-O 7. Bd3 Bb7 8. Nbd2 c5 9. Ne5 Qc7 10. O-O Nc6
11. Nxc6 Bxc6 12. Bxd6 Qxd6 13. Nf3
1-0

[Event "BADIJ"]
[Site "SchemingMind.com"]
[Date "2017.08.21"]
[Round "-"]
[White "Trevor Brotherton"]
[Black "nikita68"]
[Result "0-1"]
[WhiteCountry "ENG"]
[BlackCountry "RUS"]
[WhiteElo "2139"]
[WhiteRD "60"]
[BlackElo "2402"]
[BlackRD "63"]
[GameID "417552"]

1. Nf3 d5 2. c4 d4 3. g3 g6 4. d3 Bg7 5. Bg2 e5 6. b4 h6 7. O-O Ne7 8. a4 a5 9. b5 O-O 10. Ba3 Re8
11. Nbd2 Nd7 12. Qc2 c5
0-1

[Event "BADIJ"]
[Site "SchemingMind.com"]
[Date "2017.08.21"]
[Round "-"]
[White "nikita68"]
[Black "John Hamer"]
[Result "1-0"]
[WhiteCountry "RUS"]
[BlackCountry "ENG"]
[WhiteElo "2410"]
[WhiteRD "64"]
[BlackElo "1985"]
[BlackRD "67"]
[GameID "417553"]

1. e4 e5 2. Nf3 Nc6 3. d4 Nf6 4. d5 Ne7 5. Nc3 Ng6 6. Bc4 Bc5 7. O-O O-O 8. Re1 a6 9. a3 b5 10. Bd3 Bb6
11. h3 d6 12. b4 Bd7 13. a4 a5 14. Nxb5 Bxb5 15. Bxb5 axb4 16. Bd2 Bc5 17. Qb1 Nd7 18. Bxb4 Bxb4 19. Qxb4 Nc5 20. a5 Nf4
21. Kh2 Qf6 22. Ra3 Rfb8 23. Qc4 h5 24. a6 Ra7 25. g3 Ng6 26. h4 Qd8 27. Ng5 Nf8 28. Qe2 f6 29. Ne6 Ncxe6 30. dxe6 Nxe6
31. Rb3 g6 32. Bc4 Kf7 33. Qe3 Rba8 34. f4 Ke7 35. fxe5 fxe5 36. Qf2 Qh8 37. Rf3 Nd8 38. Rf1 Kd7 39. Rf8 Qg7 40. Rg8 Qe7
41. Rxg6 c5 42. Qf5+ Kc7 43. Rh6
1-0

[Event "BADIJ"]
[Site "SchemingMind.com"]
[Date "2017.08.21"]
[Round "-"]
[White "John Hamer"]
[Black "nikita68"]
[Result "1/2-1/2"]
[WhiteCountry "ENG"]
[BlackCountry "RUS"]
[WhiteElo "2005"]
[WhiteRD "69"]
[BlackElo "2369"]
[BlackRD "73"]
[GameID "417554"]

1. e4 c5 2. Nf3 d6 3. d4 cxd4 4. Nxd4 Nf6 5. Nc3 a6 6. Bd3 e5 7. Nb3 Be7 8. O-O Be6 9. f4 exf4 10. Bxf4 Nc6
11. Qd2 O-O 12. Rae1 b5 13. Nd5 Ne5 14. a3 Bxd5 15. exd5 Qc7 16. Bf5 Rfe8 17. Rf2 g6 18. Bh3 Nc4 19. Qd4 Nh5 20. Bc1 f5
21. Rfe2 Qd7 22. Qf2 Bf6 23. Rxe8+ Rxe8 24. Rxe8+ Qxe8 25. g4=
1/2-1/2

[Event "BADIJ"]
[Site "SchemingMind.com"]
[Date "2017.08.22"]
[Round "-"]
[White "nikita68"]
[Black "frankly"]
[Result "0-1"]
[WhiteCountry "RUS"]
[BlackCountry "ENG"]
[WhiteElo "2402"]
[WhiteRD "63"]
[BlackElo "2610"]
[BlackRD "61"]
[GameID "417555"]

1. e4 c5 2. Nf3 Nc6 3. d4 cxd4 4. Nxd4 Nf6 5. Nc3 e5 6. Ndb5 d6 7. Bg5 a6 8. Na3 b5 9. Nd5 Be7 10. Bxf6 Bxf6
11. c3 O-O 12. Nc2 Bg5 13. a4 bxa4 14. Rxa4 a5 15. Bc4 Rb8 16. b3 Kh8 17. Nce3 Ne7 18. Nxe7 Qxe7 19. Nd5 Qd8 20. O-O f5
21. exf5 Bxf5 22. Qe2 Be6 23. Rd1 Rc8 24. g3 Rb8 25. h4 Bxh4 26. gxh4 Bd7 27. Qe4 Bxa4 28. Bd3 g6 29. bxa4 Rb7 30. Bb5 Rbf7
31. Rf1 g5 32. Kh2 Rg7 33. Bc4 g4 34. Kg3 Rf3+ 35. Kg2 Rgf7 36. Qxg4 e4 37. Kh2 h5 38. Qg5 Rxf2+ 39. Rxf2 Rxf2+ 40. Kg3 Rf3+
41. Kg2 Qxg5+ 42. hxg5 h4 43. Bb5 h3+ 44. Kh2 e3 45. Kg1 Rg3+ 46. Kh1 Kh7 47. Bd3+ Kg7 48. Nf4 Rg4 49. Nxh3 Re4 50. Be2 Rxa4
51. Kg2 Rh4 52. Kg3 a4
0-1

[Event "BADIJ"]
[Site "SchemingMind.com"]
[Date "2017.08.21"]
[Round "-"]
[White "frankly"]
[Black "nikita68"]
[Result "1/2-1/2"]
[WhiteCountry "ENG"]
[BlackCountry "RUS"]
[WhiteElo "2526"]
[WhiteRD "63"]
[BlackElo "2410"]
[BlackRD "64"]
[GameID "417556"]

1. e4 e5 2. Nf3 Nf6 3. Nxe5 d6 4. Nf3 Nxe4 5. d4 d5 6. Bd3 Nc6 7. O-O Be7 8. c4 Nb4 9. Be2 O-O 10. a3 Nc6
11. cxd5 Qxd5 12. Nc3 Nxc3 13. bxc3 Bf5 14. Re1 Rfe8 15. Bf4 Rac8 16. Bd3 Qd7 17. Rb1 b6 18. Bb5 Bxb1 19. Qxb1 Bf6 20. Rd1 Qg4
21. Bg3 Ne7 22. Bxe8 Rxe8 23. Re1 Qd7 24. Qe4 c6 25. h3 h6 26. a4 Rc8 27. Be5 Bxe5 28. Nxe5 Qe6 29. Qe2 Nd5 30. c4 Nf6
31. Qf3 Nd7 32. Qd3 Nxe5 33. Rxe5 Qd7 34. Re4 c5 35. a5 cxd4 36. axb6 axb6 37. Rxd4 Qe6 38. Re4 Qc6 39. h4 h5 40. Rd4 Re8
41. Kh2 g6=
1/2-1/2

[Event "BADIJ"]
[Site "SchemingMind.com"]
[Date "2017.08.26"]
[Round "-"]
[White "nikita68"]
[Black "Helga1946"]
[Result "1-0"]
[WhiteCountry "RUS"]
[BlackCountry "GER"]
[WhiteElo "2401"]
[WhiteRD "64"]
[BlackElo "2221"]
[BlackRD "71"]
[GameID "417557"]

1. e4 e5 2. Nf3 Nc6 3. Bb5 a6 4. Ba4 Qf6 5. O-O h6 6. c3 b5 7. Bc2 Nge7 8. d4 Ng6 9. Be3 Bb7 10. Nbd2 Nd8
11. dxe5 Nxe5 12. Nxe5 Qxe5 13. f4 Qe7 14. Nb3 Rb8 15. e5 Qe6 16. Qe2 Qc4 17. Bd3 Qe6 18. Rae1 Bd5 19. f5 Qb6 20. Bxb6
1-0

[Event "BADIJ"]
[Site "SchemingMind.com"]
[Date "2017.08.26"]
[Round "-"]
[White "Helga1946"]
[Black "nikita68"]
[Result "1/2-1/2"]
[WhiteCountry "GER"]
[BlackCountry "RUS"]
[WhiteElo "2265"]
[WhiteRD "60"]
[BlackElo "2343"]
[BlackRD "83"]
[GameID "417558"]

1. e4 c5 2. d4 cxd4 3. Qxd4 Nc6 4. Qd3 Nf6 5. Nc3 e5 6. Bg5 Bb4 7. Ne2 O-O 8. Rd1 h6 9. Bxf6 Qxf6 10. a3 Bxc3+
11. Nxc3 b6 12. Nd5 Qg6 13. f3 Bb7 14. Ne3 Rad8 15. Qd6 Qxd6 16. Rxd6 Rfe8 17. Kf2 Nd4 18. Bc4 Bc6 19. Ra1 b5 20. Ba2 h5
21. Rd1 a5 22. c3 Ne6 23. g4 Nf4 24. gxh5 Nxh5 25. Rg1 Nf4 26. Rh6 Re6 27. Nf5 g6 28. Rg4 Ba8 29. Rgh4 Nh5 30. Bxe6 dxe6
31. Ng3 Kg7 32. R4xh5 gxh5 33. Rxh5 f6 34. Ke3 Bc6 35. Rh4 b4 36. Rg4+ Kh6 37. axb4 axb4 38. f4 bxc3 39. bxc3 exf4+ 40. Rxf4 Kg6
41. c4 Rb8 42. Rf1 e5 43. Rg1 Kf7 44. Rd1 Ba4 45. Rd3=
1/2-1/2

[Event "BADIJ"]
[Site "SchemingMind.com"]
[Date "2017.08.22"]
[Round "-"]
[White "nikita68"]
[Black "flyinduck"]
[Result "1-0"]
[WhiteCountry "RUS"]
[BlackCountry "CAN"]
[WhiteElo "2338"]
[WhiteRD "85"]
[BlackElo "2086"]
[BlackRD "62"]
[GameID "417559"]

1. e4 c5 2. Nf3 Nc6 3. d4 cxd4 4. Nxd4 g6 5. Nc3 Nf6 6. Bc4 Bg7 7. Be3 O-O 8. O-O Nxe4 9. Nxe4 d5 10. Nxc6 bxc6
11. Bd3 dxe4 12. Bxe4 Ba6 13. Qxd8 Rfxd8 14. Rfb1 Rd6 15. c3 f5 16. Bf3 e5 17. Bc5 Rf6 18. Re1 e4 19. Be2 Bxe2 20. Rxe2 Rf7
21. Rd1 Bh6 22. Rd6 Rc8 23. Rd4 Rb7 24. g3 Bg7 25. Rc4 Rd8 26. Be3 Rd1+ 27. Kg2 Rd6 28. Bf4 Re6 29. Rd2 Bf8 30. Be3 Kf7
31. Ra4 c5 32. Rd8 Re8 33. Rxe8 Kxe8 34. b3 Kd7 35. Ra6 Rc7 36. Bf4 Rb7 37. c4 Be7 38. h4 Bd8 39. Be3 Be7 40. h5 Bd6
41. hxg6 hxg6 42. Bf4 Rb6 43. Rxa7+ Ke6 44. Be3 Kf6 45. f3 exf3+ 46. Kxf3 g5 47. g4 f4 48. Bg1 Ke5 49. Ra5 Rb8 50. Bxc5 Bxc5
51. Rxc5+ Kf6 52. Rf5+ Kg6 53. c5
1-0

[Event "BADIJ"]
[Site "SchemingMind.com"]
[Date "2017.08.25"]
[Round "-"]
[White "flyinduck"]
[Black "nikita68"]
[Result "0-1"]
[WhiteCountry "CAN"]
[BlackCountry "RUS"]
[WhiteElo "2067"]
[WhiteRD "65"]
[BlackElo "2361"]
[BlackRD "72"]
[GameID "417560"]

1. e4 c5 2. b4 cxb4 3. a3 bxa3 4. Bxa3 d6 5. Nf3 Nf6 6. Nc3 Nc6 7. Bc4 g6 8. h3 Bg7 9. O-O O-O 10. Ba2 a6
11. d4 Bd7 12. Qe2 b5 13. Bb2 b4 14. Nd5 Nxd5 15. exd5 Na7 16. Rfe1 a5 17. Qxe7 Qxe7 18. Rxe7 Rfd8 19. c3 Nc8 20. Re3 Nb6
21. c4 a4 22. Rc1 Rac8 23. Nd2 a3 24. Ba1 Nxd5 25. Ree1 Bh6 26. Rc2 Bf5
0-1

[Event "BADIJ"]
[Site "SchemingMind.com"]
[Date "2017.08.21"]
[Round "-"]
[White "nikita68"]
[Black "JAHI"]
[Result "1-0"]
[WhiteCountry "RUS"]
[BlackCountry "INT"]
[WhiteElo "2410"]
[WhiteRD "64"]
[BlackElo "2059"]
[BlackRD "63"]
[GameID "417561"]

1. Nf3 g6 2. d4 Bg7 3. g3 d6 4. Bg2 Bg4 5. O-O Bxf3 6. Bxf3 c6 7. e4 c5 8. dxc5 dxc5 9. Qxd8+ Kxd8 10. Rd1+ Ke8
11. c3 Nc6 12. Be3 b6 13. Nd2 Bh6 14. Bxh6 Nxh6 15. e5 Rc8 16. Nc4 Nb8 17. g4 Kf8 18. h3 Kg7 19. a4 Rhf8 20. Bh1 Rcd8
21. f4 Na6 22. Kf2 Nc7 23. Kg3 Ne6 24. Bc6 Nc7 25. h4 Rh8 26. Be4 Rhf8 27. f5 gxf5 28. gxf5 Rg8 29. Ne3 Kh8+ 30. Kf4 Rgf8
31. Rab1 Rg8 32. b4 cxb4 33. cxb4 Na6 34. Nd5 Rg4+ 35. Kf3 Rc8 36. Nxe7 Rc3+ 37. Kf2 Rf4+ 38. Kg1 Rg4+ 39. Bg2 Rc2 40. Rd8+ Ng8
41. Rxg8+ Rxg8 42. Nxg8 Kxg8 43. Rd1 Kf8 44. f6 Ke8 45. Bh3 Nb8 46. e6 fxe6 47. Bxe6 Rc7 48. f7+ Ke7 49. Rd8 Nd7 50. Rxd7+ Rxd7
51. f8=Q+ Kxf8 52. Bxd7 Ke7 53. Bf5 h6 54. b5 Kd6 55. Kf2 Ke5 56. Bc2 Kd4 57. Kf3 Kc3 58. Bd1 Kd2 59. Be2 Kc1 60. Kg4 Kc2
61. Kh5 Kd2 62. Kxh6 Kxe2 63. Kg5 Kd3 64. h5 Kc4 65. h6 Kb4 66. h7 Kxa4 67. h8=Q Kxb5 68. Qc3 a6 69. Kf5 a5 70. Ke5 Ka6
71. Qc4+ b5 72. Qc5 b4 73. Kd6 Kb7 74. Qc6+ Kb8 75. Qb6+ Ka8 76. Kc7 a4 77. Qb7#
1-0

[Event "BADIJ"]
[Site "SchemingMind.com"]
[Date "2017.08.21"]
[Round "-"]
[White "JAHI"]
[Black "nikita68"]
[Result "0-1"]
[WhiteCountry "INT"]
[BlackCountry "RUS"]
[WhiteElo "2059"]
[WhiteRD "63"]
[BlackElo "2410"]
[BlackRD "64"]
[GameID "417562"]

1. g3 g6 2. Bg2 d5 3. c3 Bg7 4. c4 d4 5. e3 e5 6. exd4 exd4 7. d3 Nf6 8. Qe2+ Qe7 9. Qxe7+ Kxe7 10. Ne2 Re8
11. Na3 Kf8 12. Nb5 Na6 13. Bf4 Kg8 14. Kd2 c6 15. Nd6 Rd8 16. Nxc8 Raxc8 17. Rae1 Nh5 18. Bg5 f6 19. Bh4 Bh6+ 20. Kd1 g5
21. g4 gxh4 22. gxh5 Nc5 23. Kc2 a5 24. Rhg1 Kf8 25. Bh3 Rc7 26. Bf5 Re7 27. Nc1 Rde8 28. Ref1 b5 29. Kb1 bxc4 30. dxc4 Ne4
31. Bxe4 Rxe4 32. Nd3 f5 33. Re1 a4 34. Rd1 Re2 35. Rge1 Bd2 36. Rxe2 Rxe2 37. c5 h3 38. Ne5 Bf4 39. Nxc6 Bxh2 40. h6 Rxf2
41. Rh1 d3 42. a3 Rg2 43. Nd4 Rg1+ 44. Rxg1 Bxg1 45. c6 Ke8 46. Nf3 h2 47. Nxh2 Bxh2 48. Kc1 Bf4+ 49. Kd1 Ke7 50. Ke1 Kd6
51. c7 Kxc7 52. Kf2 Bxh6 53. Ke1 d2+ 54. Kd1 Bg5 55. Kc2 h5 56. Kd1 h4 57. Kc2 h3 58. b3 h2 59. Kc3 d1=Q 60. bxa4 Qxa4
61. Kb2 Bc1+ 62. Kxc1 Qxa3+ 63. Kd2 h1=Q 64. Kc2 Qhc1#
0-1

[Event "BADIJ"]
[Site "SchemingMind.com"]
[Date "2017.08.21"]
[Round "-"]
[White "Trevor Brotherton"]
[Black "John Hamer"]
[Result "0-1"]
[WhiteCountry "ENG"]
[BlackCountry "ENG"]
[WhiteElo "2139"]
[WhiteRD "60"]
[BlackElo "1995"]
[BlackRD "69"]
[GameID "417563"]

1. Nf3 d5 2. c4 c6 3. e3 Nf6 4. Qc2 e6 5. b3 Bd6 6. Bb2 O-O 7. d4 Nbd7 8. Nbd2 Qe7 9. Bd3 e5 10. cxd5 cxd5
11. dxe5 Nxe5 12. Nxe5 Bxe5 13. O-O Bg4 14. Bxe5 Qxe5 15. Rac1 Rac8 16. Qb1 Rfd8 17. h3 Be6
0-1

[Event "BADIJ"]
[Site "SchemingMind.com"]
[Date "2017.08.21"]
[Round "-"]
[White "John Hamer"]
[Black "Trevor Brotherton"]
[Result "1-0"]
[WhiteCountry "ENG"]
[BlackCountry "ENG"]
[WhiteElo "1995"]
[WhiteRD "69"]
[BlackElo "2139"]
[BlackRD "60"]
[GameID "417564"]

1. d4 Nf6 2. c4 e6 3. Nc3 d5 4. Bf4 c6 5. Nf3 dxc4 6. e3 b5 7. a4 Bb4 8. axb5 cxb5 9. Be2 Nd5 10. Qc2 Qb6
11. Bg3 Bb7 12. O-O a5 13. Be5 O-O 14. Bg3 Nd7 15. Rfc1 Rfc8 16. e4 Ne7 17. Bf4 Nf6 18. Be5
1-0

[Event "BADIJ"]
[Site "SchemingMind.com"]
[Date "2017.08.21"]
[Round "-"]
[White "Trevor Brotherton"]
[Black "frankly"]
[Result "0-1"]
[WhiteCountry "ENG"]
[BlackCountry "ENG"]
[WhiteElo "2139"]
[WhiteRD "60"]
[BlackElo "2610"]
[BlackRD "61"]
[GameID "417565"]

1. Nf3 Nf6 2. b3 g6 3. Bb2 Bg7 4. g3 c5 5. Bg2 d5 6. c4 d4 7. b4 O-O 8. O-O Re8 9. d3 e5 10. bxc5 Na6
11. Nbd2 Nxc5 12. Ba3 Qa5 13. Qc1 Qc7 14. Ng5 Bh6 15. h4 Rb8 16. Bxc5 Qxc5 17. a4 Qe7 18. Qa3 Qxa3
0-1

[Event "BADIJ"]
[Site "SchemingMind.com"]
[Date "2017.08.21"]
[Round "-"]
[White "frankly"]
[Black "Trevor Brotherton"]
[Result "1-0"]
[WhiteCountry "ENG"]
[BlackCountry "ENG"]
[WhiteElo "2610"]
[WhiteRD "61"]
[BlackElo "2139"]
[BlackRD "60"]
[GameID "417566"]

1. d4 d5 2. c4 e6 3. Nc3 c6 4. e4 Bb4 5. e5 Ne7 6. Nf3 c5 7. dxc5 Nd7 8. Be2 Bxc3+ 9. bxc3 Nxc5 10. cxd5 Qxd5
11. Qxd5 Nxd5 12. c4 Nc3 13. Ba3 b6 14. Rc1 N3a4 15. Nd4 h6 16. O-O O-O 17. f3 Bb7 18. Rfd1 Rad8 19. Bb4
1-0

[Event "BADIJ"]
[Site "SchemingMind.com"]
[Date "2017.08.21"]
[Round "-"]
[White "Trevor Brotherton"]
[Black "JAHI"]
[Result "0-1"]
[WhiteCountry "ENG"]
[BlackCountry "INT"]
[WhiteElo "2139"]
[WhiteRD "60"]
[BlackElo "2169"]
[BlackRD "67"]
[GameID "417571"]

1. Nf3 c6 2. b3 d6 3. g3 Bg4 4. Bg2 Bxf3 5. Bxf3 Nd7 6. Bb2 Qc7 7. d4 c5 8. c4 cxd4 9. Qxd4 e6 10. Nc3 a6
11. O-O Ne5 12. Bg2 Ne7 13. Qe4 N7c6 14. f4 Qb6+ 15. Kh1 Nd7 16. Nd5 Qd8 17. Rad1 a5
0-1

[Event "BADIJ"]
[Site "SchemingMind.com"]
[Date "2017.08.22"]
[Round "-"]
[White "JAHI"]
[Black "Trevor Brotherton"]
[Result "1-0"]
[WhiteCountry "INT"]
[BlackCountry "ENG"]
[WhiteElo "2169"]
[WhiteRD "67"]
[BlackElo "2139"]
[BlackRD "60"]
[GameID "417572"]

1. c3 Nf6 2. d3 c5 3. Bg5 e6 4. Bxf6 Qxf6 5. d4 d5 6. dxc5 Bxc5 7. e3 O-O 8. Nd2 Nc6 9. a3 e5 10. c4 Be6
11. Nb3 Bb6 12. cxd5 Rfd8 13. Bc4 e4 14. Qc2 Ne5 15. dxe6 Rac8 16. exf7+ Kf8 17. Qe2
1-0

[Event "BADIJ"]
[Site "SchemingMind.com"]
[Date "2017.08.21"]
[Round "-"]
[White "John Hamer"]
[Black "frankly"]
[Result "0-1"]
[WhiteCountry "ENG"]
[BlackCountry "ENG"]
[WhiteElo "2005"]
[WhiteRD "69"]
[BlackElo "2543"]
[BlackRD "60"]
[GameID "417573"]

1. c4 e5 2. Nc3 Nc6 3. Nf3 Nf6 4. d4 exd4 5. Nxd4 Bb4 6. e3 O-O 7. Be2 Bxc3+ 8. bxc3 Re8 9. O-O Ne5 10. Ba3 d6
11. c5 dxc5 12. Bxc5 Ne4 13. Bb4 c5 14. f3 Qg5 15. f4 Qh6 16. Bxc5 Nxc5 17. fxe5 Qxe3+ 18. Kh1 Qxe5 19. Bc4 Be6 20. Re1 Qd6
21. Qe2 h6 22. Bb5 Bd7 23. Qc4 Ne4 24. Rf1 Qe7 25. Nf5 Bxf5 26. Rxf5 Nd6 27. Qd3 Nxf5 28. Bxe8 Rxe8 29. Qxf5 Qe1+ 30. Qf1 Qxc3
31. Rc1 Qd2 32. a4 Qa5 33. Ra1 Re4 34. Qd1 Kh7 35. h3 f5
0-1

[Event "BADIJ"]
[Site "SchemingMind.com"]
[Date "2017.08.21"]
[Round "-"]
[White "frankly"]
[Black "John Hamer"]
[Result "1-0"]
[WhiteCountry "ENG"]
[BlackCountry "ENG"]
[WhiteElo "2543"]
[WhiteRD "60"]
[BlackElo "2005"]
[BlackRD "69"]
[GameID "417574"]

1. e4 e5 2. Nf3 Nc6 3. Bb5 a6 4. Ba4 d6 5. O-O Nf6 6. c3 Bd7 7. Re1 Be7 8. d4 O-O 9. Nbd2 exd4 10. cxd4 Nb4
11. Bxd7 Qxd7 12. Nf1 d5 13. a3 Nc6 14. Ne5 Qe6 15. Nxc6 Qxc6 16. e5 Nd7 17. Ne3 Rac8 18. f4 Nb6 19. Nf5 Bd8 20. a4 Kh8
21. a5 Nd7 22. Bd2 Qe6 23. Ne3 Re8 24. f5 Qc6 25. Qh5 g6 26. Qh3 Be7 27. e6 fxe6 28. fxg6 Nf8 29. g7+ Kxg7 30. Rf1 Kg8=
31. Rac1 Qa4 32. Qh5 Ng6 33. Rf7 Nf8 34. Qe5 Kxf7 35. Rf1+ Kg6 36. Nxd5 h6 37. Qh8
1-0

[Event "BADIJ"]
[Site "SchemingMind.com"]
[Date "2017.08.26"]
[Round "-"]
[White "John Hamer"]
[Black "Helga1946"]
[Result "1/2-1/2"]
[WhiteCountry "ENG"]
[BlackCountry "GER"]
[WhiteElo "1996"]
[WhiteRD "65"]
[BlackElo "2221"]
[BlackRD "71"]
[GameID "417575"]

1. d3 e5 2. e4 d5 3. exd5 Qxd5 4. Nc3 Bb4 5. Nf3 f6 6. Be2 Ne7 7. O-O Bxc3 8. bxc3 Qa5 9. Bd2 c5 10. Re1 Nbc6
11. d4 e4 12. Nh4 cxd4 13. cxd4 Qd5 14. Be3 O-O 15. c4 Qd6 16. f4 b6 17. d5 Nb4 18. a3 Na6 19. Qc2 Nc5 20. a4 a5
21. Reb1 Bd7 22. g3 Rfe8 23. Qd1 Nc8 24. Bg4 Qc7 25. Bxd7 Qxd7 26. Bd4 Nd3 27. Qb3 Nd6 28. Ng2 Reb8 29. Ne3 Qc8 30. Ra2 Rb7
31. Kh1 Qd7 32. Re2 Rc8 33. Qa2=
1/2-1/2

[Event "BADIJ"]
[Site "SchemingMind.com"]
[Date "2017.08.26"]
[Round "-"]
[White "Helga1946"]
[Black "John Hamer"]
[Result "1-0"]
[WhiteCountry "GER"]
[BlackCountry "ENG"]
[WhiteElo "2221"]
[WhiteRD "71"]
[BlackElo "1996"]
[BlackRD "65"]
[GameID "417576"]

1. e4 e5 2. Nf3 Nc6 3. Bb5 a6 4. Bxc6 dxc6 5. h3 Bc5 6. Qe2 Qd6 7. d3 Nf6 8. O-O O-O 9. Nbd2 Be6 10. Rd1 Rfe8
11. Nf1 h6 12. b3 Rad8 13. Bb2 Nd7 14. Ng3 Bb6 15. d4 exd4 16. Nxd4 Qe7 17. Ngf5 Qg5 18. Nxe6 fxe6 19. Nxg7 Re7 20. Nh5 Rf7
21. Bd4 c5 22. Be3 Qg6 23. Rd3 Qxe4 24. Rad1 Qg6 25. Bc1 Kh7 26. Nf4 Qf6 27. Nxe6 Re8 28. Ng5+ hxg5 29. Qxe8 Qxf2+ 30. Kh1 Nf8
31. Rd5 Qf6 32. Rxg5 Rg7 33. Qe4+ Kh8 34. Rh5+
1-0

[Event "BADIJ"]
[Site "SchemingMind.com"]
[Date "2017.08.24"]
[Round "-"]
[White "John Hamer"]
[Black "flyinduck"]
[Result "1/2-1/2"]
[WhiteCountry "ENG"]
[BlackCountry "CAN"]
[WhiteElo "1996"]
[WhiteRD "65"]
[BlackElo "2031"]
[BlackRD "67"]
[GameID "417577"]

1. c4 c5 2. d4 cxd4 3. Qxd4 Nc6 4. Qd1 g6 5. Nf3 Nf6 6. Nc3 Bg7 7. e4 d6 8. Be2 O-O 9. O-O Bg4 10. Be3 Nd7
11. Rc1 Qa5 12. a3 Rfc8 13. h3 Bxf3 14. Bxf3 Nce5 15. Nd5 Nxf3+ 16. Qxf3 Qd8 17. Bg5 f6 18. Be3 e6 19. Nf4 Qe7 20. Nd3 b6
21. Rfd1 Rab8 22. Bf4 Ne5 23. Nxe5 dxe5 24. Bd2 f5 25. Bb4 Qb7 26. Bd6 Ra8 27. Re1 Rd8 28. Bb4 Rd7 29. Qb3 Kh8 30. f3 Rad8
31. c5=
1/2-1/2

[Event "BADIJ"]
[Site "SchemingMind.com"]
[Date "2017.08.26"]
[Round "-"]
[White "flyinduck"]
[Black "John Hamer"]
[Result "1/2-1/2"]
[WhiteCountry "CAN"]
[BlackCountry "ENG"]
[WhiteElo "2053"]
[WhiteRD "68"]
[BlackElo "1989"]
[BlackRD "65"]
[GameID "417578"]

1. e4 c6 2. d4 d5 3. Nd2 dxe4 4. Nxe4 Bf5 5. Ng3 Bg6 6. Nf3 Nd7 7. h4 h6 8. h5 Bh7 9. Bd3 Bxd3 10. Qxd3 e6
11. Bf4 Qa5+ 12. Bd2 Qc7 13. O-O-O Ngf6 14. Kb1 O-O-O 15. c4 c5 16. Bc3 cxd4 17. Nxd4 a6 18. Nb3 Kb8 19. Rhe1 Be7 20. Qe2 Rhe8
21. Ne4 Qc6 22. Nxf6 Bxf6 23. Bxf6 Nxf6 24. f3 Rc8 25. Rc1 Ka7 26. g4 Qc7 27. c5 Nd5 28. Rc4 Nf4 29. Qe4 Nd5 30. Nd4 Nf6
31. Qe3=
1/2-1/2

[Event "BADIJ"]
[Site "SchemingMind.com"]
[Date "2017.08.21"]
[Round "-"]
[White "John Hamer"]
[Black "JAHI"]
[Result "0-1"]
[WhiteCountry "ENG"]
[BlackCountry "INT"]
[WhiteElo "1985"]
[WhiteRD "67"]
[BlackElo "2059"]
[BlackRD "63"]
[GameID "417579"]

1. Nf3 c6 2. e4 d6 3. d4 Bg4 4. h3 Bxf3 5. Qxf3 d5 6. Nc3 dxe4 7. Nxe4 Qxd4 8. c3 Qd5 9. Bd3 Nd7 10. c4 Qd4
11. Bf4 Ne5 12. Bxe5 Qxe5 13. O-O e6 14. Rfe1 Nf6 15. Nc3 Qc7 16. a3 Bd6 17. Rad1 Rd8 18. g3 Be7 19. b4 g6 20. Rd2 a6
21. c5 a5 22. Red1 axb4 23. axb4 Qe5 24. Ne4 Nd5 25. Bc4 h6 26. Kg2 Qg7 27. Re2 h5 28. Qb3 h4 29. Bxd5 cxd5 30. Nc3 hxg3
31. fxg3 Qh6 32. Rh1 d4 33. Nb5 Rd7 34. Ra2 d3 35. Ra8+ Bd8 36. Qc3 Qh5 37. Nd6+ Rxd6 38. g4 Qd5+ 39. Kg3 Qd4 40. Qxd4 Rxd4
41. Rd1 Kd7 42. Kg2 Kc6 43. Ra3 d2 44. Rf3 Rh7 45. Kf2 Bg5 46. Rb3 Kb5 47. Kg2 Rxb4 48. Rc3 e5 49. Rc2 Rb3 50. Rh1 e4
51. c6 bxc6 52. Ra1 Rhxh3 53. Rca2 Rbg3+ 54. Kf1 d1=Q+ 55. Rxd1 Rh1+ 56. Kf2 Rf3+ 57. Kg2 Rxd1 58. Rb2+ Kc4 59. Rc2+ Kd3
0-1

[Event "BADIJ"]
[Site "SchemingMind.com"]
[Date "2017.08.22"]
[Round "-"]
[White "JAHI"]
[Black "John Hamer"]
[Result "1-0"]
[WhiteCountry "INT"]
[BlackCountry "ENG"]
[WhiteElo "2034"]
[WhiteRD "63"]
[BlackElo "2005"]
[BlackRD "69"]
[GameID "417580"]

1. c3 e5 2. d3 Nf6 3. d4 Nc6 4. dxe5 Nxe5 5. Bg5 Bc5 6. Bxf6 Qxf6 7. e3 O-O 8. Nd2 Bb6 9. Ngf3 Ng4 10. h3 Qh6
11. Nc4 Re8 12. Nxb6 cxb6 13. Qd4 d6 14. Rd1 Bd7 15. Be2 d5 16. Bd3 Nf6 17. Ne5 Rad8 18. Nxd7 Nxd7= 19. Rd2 Ne5 20. Be2 Nc6
21. Qa4 g6 22. Bf3 Qg5 23. h4 Qe5 24. Qb5 Ne7 25. h5 Qf5 26. hxg6 hxg6 27. Qa4 Nc6 28. Qh4 Kf8 29. Ke2 b5= 30. Qh6+ Ke7
31. Rh4 g5 32. Qh7 Qf6 33. Rh6 Qe5 34. Bh5 Rf8 35. Kf1 a6 36. Rd1 Na5 37. Rd4 Rc8 38. Qd3 Rcd8 39. Bf3 Nc4 40. b3 Rd6
41. Rxd6 Nxd6 42. Rxd5 Qf6 43. e4 Qg6 44. Qe3 g4 45. Rg5 Qe6 46. Bxg4 f5 47. Bxf5 Qh6 48. Bg4 Qf6 49. Rh5 Qg7 50. e5 Nf7
51. Qc5+ Ke8 52. e6 Nd8 53. Rg5
1-0

[Event "BADIJ"]
[Site "SchemingMind.com"]
[Date "2017.08.26"]
[Round "-"]
[White "frankly"]
[Black "Helga1946"]
[Result "1-0"]
[WhiteCountry "ENG"]
[BlackCountry "GER"]
[WhiteElo "2668"]
[WhiteRD "64"]
[BlackElo "2228"]
[BlackRD "67"]
[GameID "417581"]

1. e4 e5 2. Nf3 Nc6 3. Bb5 a6 4. Bxc6 dxc6 5. O-O Bg4 6. h3 h5 7. d3 Qf6 8. Nbd2 g5 9. Nc4 Bxf3 10. Qxf3 Qxf3
11. gxf3 f6 12. Be3 Nh6 13. d4 exd4 14. Bxd4 Be7 15. Rad1 O-O-O 16. Bc3 Rxd1 17. Rxd1 Rd8 18. Rxd8+ Kxd8 19. f4 gxf4 20. Bd2 Bd6
21. Nxd6 cxd6 22. Bxf4 Nf7 23. Kg2 Ke7 24. Kg3 f5 25. Kh4 fxe4 26. Kxh5 Kf6 27. Kg4 d5 28. h4 d4 29. Bd2 Ne5+ 30. Kf4 Nc4
31. Bb4 d3 32. cxd3 exd3 33. Kf3 Kf5 34. Bc3 Nd6 35. Ke3 Kg4 36. Kxd3 Kxh4 37. Bb4 Nf7 38. Kd4 b6 39. Be7+ Kg4 40. Ke4 Nh6
41. f3+ Kh5 42. Bd8 b5 43. Be7 Kg6 44. Ke5 Nf7+ 45. Ke6 Nh6 46. Kd7 Nf5 47. Bc5 Kf6 48. Kxc6 Ke6 49. Kb6 Kd7 50. b3 Nh6
51. a4 bxa4 52. bxa4 a5 53. Kxa5 Kc6 54. Bb6 Kb7 55. Kb5 Nf5 56. Bc5 Ka8 57. a5 Nh6 58. a6 Nf5 59. f4 Kb8 60. Bb6 Ka8
61. Kc6 Ne7+ 62. Kd6 Nf5+ 63. Ke5 Ne7 64. Ke6
1-0

[Event "BADIJ"]
[Site "SchemingMind.com"]
[Date "2017.08.26"]
[Round "-"]
[White "Helga1946"]
[Black "frankly"]
[Result "0-1"]
[WhiteCountry "GER"]
[BlackCountry "ENG"]
[WhiteElo "2221"]
[WhiteRD "71"]
[BlackElo "2625"]
[BlackRD "62"]
[GameID "417582"]

1. e4 e5 2. Nf3 Nc6 3. Bb5 a6 4. Bxc6 dxc6 5. h3 f6 6. Qe2 c5 7. d3 Ne7 8. Be3 Nc6 9. Nbd2 Be6 10. Qd1 Qd7
11. a4 O-O-O 12. b3 Be7 13. Ng1 g6 14. Ngf3 g5 15. Nh2 h5 16. Nhf1 Kb8 17. Nc4 f5 18. exf5 Bd5 19. Rg1 Qxf5 20. Ncd2 Nd4
21. Ng3 Qg6 22. a5 Bc6 23. Ra2 g4 24. hxg4 hxg4 25. Nc4 Bf6 26. Nd2 Rh2 27. Nde4 Bh4 28. Nf1 Bxe4 29. Nxh2 g3 30. Ng4 gxf2+
31. Bxf2 Bxf2+ 32. Kxf2 Bd5 33. c4 Be6 34. Nh2 Rf8+
0-1

[Event "BADIJ"]
[Site "SchemingMind.com"]
[Date "2017.08.26"]
[Round "-"]
[White "frankly"]
[Black "flyinduck"]
[Result "1-0"]
[WhiteCountry "ENG"]
[BlackCountry "CAN"]
[WhiteElo "2610"]
[WhiteRD "61"]
[BlackElo "2035"]
[BlackRD "67"]
[GameID "417583"]

1. d4 Nf6 2. c4 e6 3. Nf3 b6 4. g3 Ba6 5. b3 Bb7 6. Bg2 Bb4+ 7. Bd2 a5 8. O-O O-O 9. a3 Be7 10. Nc3 d5
11. cxd5 exd5 12. Qc2 c6 13. e4 dxe4 14. Nxe4 Nxe4 15. Qxe4 Nd7 16. Rfe1 Bd6 17. Bg5 Qc7 18. Nh4 Rae8 19. Qxe8 Rxe8 20. Rxe8+ Nf8
21. Nf5 f6 22. Bd2 Qd7 23. Nxd6 Qxd6 24. Rae1 Qxa3 25. Rb8 Ba6 26. d5
1-0